MARC

LEADER 00000nam0a2200000 4500
001 299630
005 20231102001225.0
035 |a (RuTPU)RU\TPU\book\324782 
090 |a 299630 
100 |a 20150630d1874 m y0rusy50 ca 
101 0 |a rus 
102 |a RU 
105 |a a j 000zy 
200 1 |a Интегральное исчисление. Кн. 1  |f Н. Н. Алексеев 
205 |a 2-е изд. 
210 |a Москва  |c Университетская типография (Катков и К⁰)  |d 1874 
215 |a 368 с.  |c ил. 
300 |a На переплете наклеен ярлык: Книжный магазин Н. П. Карбасникова. Москва Моховая прот. Университета д. Кох.  
606 1 |a Интегральное исчисление  |2 stltpush  |3 (RuTPU)RU\TPU\subj\12773  |9 39494 
610 1 |a дифференциалы 
610 1 |a интегрирование 
610 1 |a алгебраические одночлены 
610 1 |a рациональные дроби 
610 1 |a иррациональные функции 
610 1 |a эллиптические интегралы 
610 1 |a трансцендентные функции 
610 1 |a квадратура 
610 1 |a кубатура 
610 1 |a кубатурные формулы 
610 1 |a приближение Чебышева 
610 1 |a учебные пособия 
610 1 |a коллекция русских учебников 
675 |a 517.3(075.8)  |v 4 
700 1 |a Алексеев  |b Н. Н.  |c русский математик  |c профессор Варшавского университета  |f 1828-1881  |g Николай Николаевич  |2 stltpush  |3 (RuTPU)RU\TPU\pers\23037  |9 9893 
801 1 |a RU  |b 63413507  |c 20150630 
801 2 |a RU  |b 63413507  |c 20151117  |g RCR 
942 |c BK